<?xml version="1.0" encoding="UTF-8"?>
<record
    xmlns:xsi="http://www.w3.org/2001/XMLSchema-instance"
    xsi:schemaLocation="http://www.loc.gov/MARC21/slim http://www.loc.gov/standards/marcxml/schema/MARC21slim.xsd"
    xmlns="http://www.loc.gov/MARC21/slim">

  <leader>02554nam a22002657a 4500</leader>
  <controlfield tag="003">Uzh_bibl</controlfield>
  <controlfield tag="008">260108b        |||||||| |||| 00| 0 ukr d</controlfield>
  <datafield tag="020" ind1=" " ind2=" ">
    <subfield code="a">978-966-03-7673-1</subfield>
    <subfield code="c">208.77</subfield>
  </datafield>
  <datafield tag="040" ind1=" " ind2=" ">
    <subfield code="b">&#x443;&#x43A;&#x440;.</subfield>
  </datafield>
  <datafield tag="041" ind1=" " ind2=" ">
    <subfield code="2">eng</subfield>
    <subfield code="a">ukr</subfield>
  </datafield>
  <datafield tag="080" ind1=" " ind2=" ">
    <subfield code="a">821(430)</subfield>
  </datafield>
  <datafield tag="090" ind1=" " ind2=" ">
    <subfield code="a">821(430)</subfield>
    <subfield code="b">&#x412; 39</subfield>
  </datafield>
  <datafield tag="100" ind1=" " ind2=" ">
    <subfield code="a">&#x412;&#x435;&#x440;&#x444;&#x435;&#x43B;&#x44C;,&#x424;&#x440;&#x430;&#x43D;&#x446;</subfield>
  </datafield>
  <datafield tag="245" ind1=" " ind2=" ">
    <subfield code="a">40 &#x434;&#x43D;&#x456;&#x432; &#x41C;&#x443;&#x441;&#x430;-&#x414;&#x430;&#x433;&#x430;</subfield>
    <subfield code="c">&#x43F;&#x435;&#x440;. &#x404;.&#x422;&#x430;&#x440;&#x43D;&#x430;&#x432;&#x441;&#x44C;&#x43A;&#x438;&#x439; ;&#x445;&#x443;&#x434;&#x43E;&#x436;.&#x41E;.&#x413;&#x443;&#x433;&#x430;&#x43B;&#x43E;&#x432;&#x430;</subfield>
    <subfield code="h">&#x422;&#x435;&#x43A;&#x441;&#x442;</subfield>
  </datafield>
  <datafield tag="260" ind1=" " ind2=" ">
    <subfield code="a">&#x425;&#x430;&#x440;&#x43A;&#x456;&#x432;</subfield>
    <subfield code="b">&#x424;&#x43E;&#x43B;&#x456;&#x43E;</subfield>
    <subfield code="c">2017</subfield>
  </datafield>
  <datafield tag="300" ind1=" " ind2=" ">
    <subfield code="a">890 &#x441;.</subfield>
    <subfield code="f">&#x412; &#x43E;&#x43F;&#x440;.</subfield>
  </datafield>
  <datafield tag="490" ind1=" " ind2=" ">
    <subfield code="a">&#x421;&#x435;&#x440;&#x456;&#x44F;"&#x417;&#x430;&#x440;&#x443;&#x431;&#x456;&#x436;&#x43D;&#x456; &#x430;&#x432;&#x442;&#x43E;&#x440;&#x441;&#x44C;&#x43A;&#x456; &#x437;&#x456;&#x431;&#x440;&#x430;&#x43D;&#x43D;&#x44F;"</subfield>
  </datafield>
  <datafield tag="520" ind1=" " ind2=" ">
    <subfield code="a">&#x412;&#x456;&#x434;&#x43E;&#x43C;&#x438;&#x439; &#x430;&#x432;&#x441;&#x442;&#x440;&#x456;&#x439;&#x441;&#x44C;&#x43A;&#x438;&#x439; &#x43F;&#x43E;&#x435;&#x442;, &#x440;&#x43E;&#x43C;&#x430;&#x43D;&#x456;&#x441;&#x442; &#x456; &#x434;&#x440;&#x430;&#x43C;&#x430;&#x442;&#x443;&#x440;&#x433; &#x424;&#x440;&#x430;&#x43D;&#x446; &#x412;&#x435;&#x440;&#x444;&#x435;&#x43B;&#x44C; (1890-1945) &#x43D;&#x430;&#x440;&#x43E;&#x434;&#x438;&#x432;&#x441;&#x44F; &#x432; &#x437;&#x430;&#x43C;&#x43E;&#x436;&#x43D;&#x456;&#x439; &#x454;&#x432;&#x440;&#x435;&#x439;&#x441;&#x44C;&#x43A;&#x456;&#x439; &#x440;&#x43E;&#x434;&#x438;&#x43D;&#x456; &#x443; &#x41F;&#x440;&#x430;&#x437;&#x456; (&#x43D;&#x430; &#x442;&#x43E;&#x439; &#x447;&#x430;&#x441; &#x410;&#x432;&#x441;&#x442;&#x43E;-&#x423;&#x433;&#x43E;&#x440;&#x449;&#x438;&#x43D;&#x430;). &#x412;&#x447;&#x438;&#x432;&#x441;&#x44F; &#x432; &#x443;&#x43D;&#x456;&#x432;&#x435;&#x440;&#x441;&#x438;&#x442;&#x435;&#x442;&#x430;&#x445; &#x41F;&#x440;&#x430;&#x433;&#x438;, &#x41B;&#x435;&#x439;&#x43F;&#x446;&#x438;&#x433;&#x430;, &#x413;&#x430;&#x43C;&#x431;&#x443;&#x440;&#x433;&#x430;. &#x423; 1915-1917 &#x440;&#x440;. &#x432;&#x43E;&#x44E;&#x432;&#x430;&#x432; &#x443; &#x43B;&#x430;&#x432;&#x430;&#x445; &#x430;&#x432;&#x441;&#x442;&#x440;&#x456;&#x439;&#x441;&#x44C;&#x43A;&#x43E;&#x457; &#x430;&#x440;&#x43C;&#x456;&#x457; &#x43D;&#x430; &#x440;&#x43E;&#x441;&#x456;&#x439;&#x441;&#x44C;&#x43A;&#x43E;&#x43C;&#x443; &#x444;&#x440;&#x43E;&#x43D;&#x442;&#x456;. &#x423; 1929 &#x440;., &#x43F;&#x43E;&#x434;&#x43E;&#x440;&#x43E;&#x436;&#x443;&#x44E;&#x447;&#x438; &#x421;&#x438;&#x440;&#x456;&#x454;&#x44E;, &#x412;&#x435;&#x440;&#x444;&#x435;&#x43B;&#x44C; &#x432;&#x456;&#x434;&#x432;&#x456;&#x434;&#x430;&#x432; &#x443; &#x414;&#x430;&#x43C;&#x430;&#x441;&#x43A;&#x443; &#x43A;&#x438;&#x43B;&#x438;&#x43C;&#x43E;&#x432;&#x443; &#x444;&#x430;&#x431;&#x440;&#x438;&#x43A;&#x443;, &#x434;&#x435; &#x43F;&#x43E;&#x431;&#x430;&#x447;&#x438;&#x432; &#x441;&#x43E;&#x442;&#x43D;&#x456; &#x432;&#x438;&#x441;&#x43D;&#x430;&#x436;&#x435;&#x43D;&#x438;&#x445;, &#x43E;&#x431;&#x456;&#x440;&#x432;&#x430;&#x43D;&#x438;&#x445; &#x434;&#x456;&#x442;&#x435;&#x439; &#x432;&#x456;&#x440;&#x43C;&#x435;&#x43D;&#x441;&#x44C;&#x43A;&#x438;&#x445; &#x431;&#x456;&#x436;&#x435;&#x43D;&#x446;&#x456;&#x432;. &#x426;&#x435; &#x441;&#x43F;&#x43E;&#x43D;&#x443;&#x43A;&#x430;&#x43B;&#x43E; &#x439;&#x43E;&#x433;&#x43E; &#x43D;&#x430;&#x43F;&#x438;&#x441;&#x430;&#x442;&#x438; &#x440;&#x43E;&#x43C;&#x430;&#x43D; "40 &#x434;&#x43D;&#x456;&#x432; &#x41C;&#x443;&#x441;&#x430;-&#x414;&#x430;&#x433;&#x430;", &#x449;&#x43E;&#x431; &#x440;&#x43E;&#x437;&#x43F;&#x43E;&#x432;&#x456;&#x441;&#x442;&#x438; &#x454;&#x432;&#x440;&#x43E;&#x43F;&#x435;&#x439;&#x441;&#x44C;&#x43A;&#x43E;&#x43C;&#x443; &#x447;&#x438;&#x442;&#x430;&#x447;&#x435;&#x432;&#x456; &#x43F;&#x440;&#x43E; &#x433;&#x435;&#x43D;&#x43E;&#x446;&#x438;&#x434; &#x432;&#x456;&#x440;&#x43C;&#x435;&#x43D;&#x441;&#x44C;&#x43A;&#x43E;&#x433;&#x43E; &#x43D;&#x430;&#x440;&#x43E;&#x434;&#x443; &#x432; &#x41E;&#x441;&#x43C;&#x430;&#x43D;&#x441;&#x44C;&#x43A;&#x456;&#x439; &#x456;&#x43C;&#x43F;&#x435;&#x440;&#x456;&#x457; 1915-1916 &#x440;&#x440;. &#x412; &#x43E;&#x441;&#x43D;&#x43E;&#x432;&#x443; &#x442;&#x432;&#x43E;&#x440;&#x443; &#x43F;&#x43E;&#x43A;&#x43B;&#x430;&#x434;&#x435;&#x43D;&#x43E; &#x440;&#x435;&#x430;&#x43B;&#x44C;&#x43D;&#x456; &#x456;&#x441;&#x442;&#x43E;&#x440;&#x438;&#x447;&#x43D;&#x456; &#x43F;&#x43E;&#x434;&#x456;&#x457;. &#x41D;&#x435; &#x43C;&#x43E;&#x436;&#x43D;&#x430; &#x431;&#x435;&#x437; &#x445;&#x432;&#x438;&#x43B;&#x44E;&#x432;&#x430;&#x43D;&#x43D;&#x44F; &#x447;&#x438;&#x442;&#x430;&#x442;&#x438; &#x43F;&#x440;&#x43E; &#x432;&#x438;&#x43F;&#x440;&#x43E;&#x431;&#x443;&#x432;&#x430;&#x43D;&#x43D;&#x44F;, &#x44F;&#x43A;&#x456; &#x432;&#x438;&#x43F;&#x430;&#x43B;&#x438; &#x43D;&#x430; &#x434;&#x43E;&#x43B;&#x44E; &#x432;&#x456;&#x440;&#x43C;&#x435;&#x43D;&#x456;&#x432;, &#x437;&#x43E;&#x43A;&#x440;&#x435;&#x43C;&#x430; &#x433;&#x43E;&#x43B;&#x43E;&#x432;&#x43D;&#x43E;&#x433;&#x43E; &#x433;&#x435;&#x440;&#x43E;&#x44F; &#x413;&#x430;&#x431;&#x440;&#x456;&#x435;&#x43B;&#x44F; &#x411;&#x430;&#x433;&#x440;&#x430;&#x442;&#x44F;&#x43D;&#x430; - &#x43B;&#x44E;&#x434;&#x438;&#x43D;&#x438; &#x437; &#x454;&#x432;&#x440;&#x43E;&#x43F;&#x435;&#x439;&#x441;&#x44C;&#x43A;&#x43E;&#x44E; &#x43E;&#x441;&#x432;&#x456;&#x442;&#x43E;&#x44E;, &#x43A;&#x43E;&#x43B;&#x438;&#x448;&#x43D;&#x44C;&#x43E;&#x433;&#x43E; &#x43E;&#x444;&#x456;&#x446;&#x435;&#x440;&#x430; &#x442;&#x443;&#x440;&#x435;&#x446;&#x44C;&#x43A;&#x43E;&#x457; &#x430;&#x440;&#x43C;&#x456;&#x457;, &#x43E;&#x434;&#x440;&#x443;&#x436;&#x435;&#x43D;&#x43E;&#x433;&#x43E; &#x437; &#x444;&#x440;&#x430;&#x43D;&#x446;&#x443;&#x436;&#x435;&#x43D;&#x43A;&#x43E;&#x44E;, &#x44F;&#x43A;&#x438;&#x439;, &#x442;&#x430;&#x43A; &#x443;&#x436;&#x435; &#x441;&#x443;&#x434;&#x438;&#x43B;&#x43E;&#x441;&#x44F;, &#x440;&#x430;&#x43F;&#x442;&#x43E;&#x43C; &#x43E;&#x43F;&#x438;&#x43D;&#x438;&#x432;&#x441;&#x44F; &#x43D;&#x430; &#x441;&#x432;&#x43E;&#x457;&#x439; &#x431;&#x430;&#x442;&#x44C;&#x43A;&#x456;&#x432;&#x449;&#x438;&#x43D;&#x456; &#x443; &#x43D;&#x430;&#x439;&#x436;&#x430;&#x445;&#x43B;&#x438;&#x432;&#x456;&#x448;&#x456; &#x447;&#x430;&#x441;&#x438;...</subfield>
  </datafield>
  <datafield tag="521" ind1=" " ind2=" ">
    <subfield code="a">&#x414;&#x43B;&#x44F; &#x448;&#x438;&#x440;&#x43E;&#x43A;&#x43E;&#x433;&#x43E; &#x43A;&#x43E;&#x43B;&#x430; &#x447;&#x438;&#x442;&#x430;&#x447;&#x456;&#x432;</subfield>
  </datafield>
  <datafield tag="546" ind1=" " ind2=" ">
    <subfield code="a">&#x443;&#x43A;&#x440;.</subfield>
  </datafield>
  <datafield tag="650" ind1=" " ind2=" ">
    <subfield code="a">&#x41B;&#x456;&#x442;&#x435;&#x440;&#x430;&#x442;&#x443;&#x440;&#x43D;&#x43E;-&#x445;&#x443;&#x434;&#x43E;&#x436;&#x43D;&#x435; &#x432;&#x438;&#x434;&#x430;&#x43D;&#x43D;&#x44F;</subfield>
  </datafield>
  <datafield tag="653" ind1=" " ind2=" ">
    <subfield code="a">&#x413;&#x435;&#x43D;&#x43E;&#x446;&#x438;&#x434;</subfield>
    <subfield code="a">&#x412;&#x456;&#x440;&#x43C;&#x435;&#x43D;&#x438;</subfield>
    <subfield code="a">&#x41E;&#x444;&#x456;&#x446;&#x435;&#x440;</subfield>
  </datafield>
  <datafield tag="655" ind1=" " ind2=" ">
    <subfield code="v">&#x440;&#x43E;&#x43C;&#x430;&#x43D;</subfield>
  </datafield>
  <datafield tag="942" ind1=" " ind2=" ">
    <subfield code="2">udc</subfield>
    <subfield code="c">BK</subfield>
  </datafield>
  <datafield tag="999" ind1=" " ind2=" ">
    <subfield code="c">16504</subfield>
    <subfield code="d">16504</subfield>
  </datafield>
  <datafield tag="952" ind1=" " ind2=" ">
    <subfield code="0">0</subfield>
    <subfield code="1">0</subfield>
    <subfield code="2">udc</subfield>
    <subfield code="4">0</subfield>
    <subfield code="7">0</subfield>
    <subfield code="a">CMB</subfield>
    <subfield code="b">CMB</subfield>
    <subfield code="c">AB</subfield>
    <subfield code="d">2026-01-08</subfield>
    <subfield code="i">67922</subfield>
    <subfield code="l">0</subfield>
    <subfield code="p">18915</subfield>
    <subfield code="r">2026-01-08</subfield>
    <subfield code="w">2026-01-08</subfield>
    <subfield code="y">BK</subfield>
  </datafield>
</record>
